| 000 | 00445cam a2200169ua 4500 | ||
|---|---|---|---|
| 003 | OSt | ||
| 008 | 250626b |||||||| |||| 00| 0 eng d | ||
| 041 | _aeng | ||
| 082 |
_a624.18341 _bGUR/TH |
||
| 100 |
_aGurucharan, Singh . _97606 |
||
| 245 | _aTheory and design of R C C structures | ||
| 250 | _a1 / | ||
| 260 |
_a : _bStandard publishers & Distributors , _c1986. |
||
| 300 | _a1273 ; . | ||
| 700 | 1 |
_aJagdish, Singh . _97607 |
|
| 942 | _cBK | ||
| 999 |
_c1342 _d1342 |
||